|
|
|
|
| LEADER |
00000naa2a2200000 4500 |
| 001 |
194280 |
| 005 |
20231214153232.0 |
| 035 |
|
|
|a (RuTPU)RU\TPU\book\211898
|
| 090 |
|
|
|a 194280
|
| 100 |
|
|
|a 20110411d2009 k y0rusy50 ca
|
| 101 |
0 |
|
|a rus
|
| 102 |
|
|
|a RU
|
| 200 |
1 |
|
|a Система противоаварийной защиты
|f В. А. Кудрявцев, К. И. Байструков, В. М. Павлов
|
| 320 |
|
|
|a Библиогр.: 3 назв.
|
| 461 |
|
1 |
|0 (RuTPU)RU\TPU\book\209137
|y 978-598298-543-9
|t Становление и развитие научных исследований в высшей школе
|o сборник трудов Международной научной конференции, посвященной 100-летию со дня рождения профессора А. А. Воробьева, Томск, 14-16 сентября 2009 г.
|f Российская академия наук (РАН) ; Ассоциация инженерного образования России (АИОР) ; Томский политехнический университет (ТПУ)
|d 2009
|
| 463 |
|
0 |
|0 (RuTPU)RU\TPU\book\208670
|y 978-5-98298-545-3
|t Т. 1
|v С. 221-224
|d 2009
|p 398 с.
|
| 610 |
1 |
|
|a токамаки
|
| 610 |
1 |
|
|a аварийные ситуации
|
| 610 |
1 |
|
|a системы защиты
|
| 610 |
1 |
|
|a противоаварийная защита
|
| 610 |
1 |
|
|a установки КТМ
|
| 610 |
1 |
|
|a труды учёных ТПУ
|
| 700 |
|
1 |
|a Кудрявцев
|b В. А.
|c специалист в области электроники и автоматики физических установок
|c ассистент Томского политехнического университета
|g Владимир Александрович
|3 (RuTPU)RU\TPU\pers\28154
|
| 701 |
|
1 |
|a Байструков
|b К. И.
|c физик
|c старший преподаватель Томского политехнического университета
|f 1966-
|g Константин Иванович
|3 (RuTPU)RU\TPU\pers\27825
|
| 701 |
|
1 |
|a Павлов
|b В. М.
|c специалист в области автоматики и электроники
|c доцент Томского политехнического университета, кандидат технических наук
|f 1965-
|g Вадим Михайлович
|3 (RuTPU)RU\TPU\pers\25738
|9 11640
|
| 801 |
|
1 |
|a RU
|b 63413507
|c 20110411
|
| 801 |
|
2 |
|a RU
|b 63413507
|c 20130620
|g RCR
|
| 942 |
|
|
|c BK
|